Statistics for Countries Closest to Ghana - One Minute Sprint

Click here to take the quiz!

General Stats

  • This quiz has been taken 67 times
  • The average score is 16 of 20

Answer Stats

kmCountrymiles% Correct
265Niger165
95%
169Nigeria105
95%
0Côte d'Ivoire0
93%
0Togo0
93%
0Burkina Faso0
89%
43Benin27
88%
942Senegal585
86%
827Cameroon514
84%
469Liberia292
84%
226Mali141
81%
540Guinea336
75%
947Algeria589
72%
1221Gambia759
70%
1188Guinea-Bissau738
70%
1410Republic of the Congo876
70%
794Sierra Leone494
70%
579Mauritania360
65%
1094Gabon680
63%
859Equatorial Guinea534
56%
848São Tomé and Príncipe527
51%

Score Distribution

Percentile by Number Answered

Percent of People with Each Score

Your Score History

You have not taken this quiz